000 00388nam a2200169Ia 4500
005 20250423095229.0
008 250422s9999 xx 000 0 und d
020 _a0-521-28723-5
100 _aRaymond murphy
245 0 _aEnglish grammer in use
260 _aNew York
260 _bOxford University Press
260 _c1988
300 _a328 p
650 _aEnglish
942 _cBK
999 _c29639
_d29639